00000000nam##2200000za#4500
0019.613011
003CaOODSP
00520230202144024
007ta
008150406|1997||||xxc|||||     f|0| 0 eng|d
020 |a0-662-24593-8
040 |aCaOODSP|beng
043 |an-cn---
0861 |aH72-22/1-1997E
1102 |aNational Clearinghouse on Family Violence (Canada)‏.
24510|aChild abuse and neglect
260 |aOttawa - Ontario : |bHealth Canada. |c1997.
300 |a10p. : |breferences ; |c28 cm.
4901 |aInformation from the National Clearinghouse on Family Violence
590 |a97-15|b1997-04-11
69007|aViolence against children|2gcpds
7760#|tChild abuse and neglect |w(CaOODSP)9.572641
830#0|aInformation from the National Clearinghouse on Family Violence.|w(CaOODSP)9.514740